000 00566nam a2200193Ia 4500
005 20250508160920.0
008 008 250505s9999 xx 000 0 eng d
037 _aTextual
040 _aFEDL
_beng
_cFEDL
041 _aeng
_2eng
084 _a371.4, ROS
_qFEDL
100 _aRose Brian Ed.
_9769736
245 0 _aModern trends in education
260 _aLondon, UK
_bThe Macmillan Press Limited
_c1971
300 _axiii,295p.
650 _aEducational - Guideance and Council
_9760740
942 _cTEXL
_h371.4, ROS
999 _c1367368
_d1367368